000
00301nam a22001337a 4500
008
180827b xxu||||| |||| 00| 0 eng d
020
_a
9780323045407
041
_a
eng
080
_2
7 ED
_a
610.72
100
_a
2
101
_a
NUR
245
_a
PUBLIC HEALTH NURSING
_c
STANHOPE.M
942
_2
udc
_c
BK
999
_c
47355
_d
47355